Gaming Quiz

Random Gaming Quiz
Score 0/50 Timer 09:00
0 Plays Today
Hint Answer % Correct
#6Charizard
100%
#103Exeggutor
100%
#147Dratini
100%
#148Dragonair
100%
#149Dragonite
75%
#380Latias
75%
#381Latios
75%
#384Rayquaza
75%
#483Dialga
75%
#484Palkia
75%
#181Ampharos
50%
#230Kingdra
50%
#254Sceptile
50%
#329Vibrava
50%
#330Flygon
50%
#334Altaria
50%
#371Bagon
50%
#372Shelgon
50%
#373Salamence
50%
#443Gible
50%
#444Gabite
50%
#445Garchomp
50%
#485Giratina
50%
#610Axew
25%
#611Fraxure
25%
Hint Answer % Correct
#612Haxorus
25%
#621Druddigon
25%
#633Deino
25%
#635Hydreigon
25%
#704Goomy
25%
#706Goodra
25%
#634Zweilous
0%
#643Reshiram
0%
#644Zekrom
0%
#646Kyurem
0%
#691Dragalge
0%
#696Tyrunt
0%
#697Tyrantrum
0%
#705Sliggoo
0%
#714Noibat
0%
#715Noivern
0%
#776Turtonator
0%
#718Zygarde
0%
#780Drampa
0%
#804Naganadel
0%
#782Jangmo-o
0%
#783Hakomo-o
0%
#784Kommo-o
0%
#799Guzzlord
0%
#800Necrozma
0%
Remove Ads.
Support Sporcle.
Get the best of Sporcle when you Go Orange. This ad-free experience offers more features, more stats, and more fun while also helping to support Sporcle. Thank you for becoming a member.

You're not logged in!

Compare scores with friends on all Sporcle quizzes.
OR
Log In

Show Comments

Extras

Created Dec 16, 2018ReportNominate
Tags:Dragon

Top Quizzes Today


Score Distribution

Your Account Isn't Verified!

In order to create a playlist on Sporcle, you need to verify the email address you used during registration. Go to your Sporcle Settings to finish the process.

Report this User

Report this user for behavior that violates our Community Guidelines.

Details: